Country Flags with Crowns - Statistics

General Stats
  • This quiz has been taken 16 times
  • The average score is 6 of 7
Answer Stats
Picture Answer % Correct
San Marino
100%
Spain
100%
Montenegro
92%
Serbia
92%
Vatican City
92%
Liechtenstein
77%
Tajikistan
77%
No matching quizzes found
Score Distribution
Percent of People with Each Score
Percentile by Number Answered
Your Score History
You have not taken this quiz